• 首页
  • 本馆介绍
  • 公告通知
  • 最新文献
  • 馆藏检索
  • 电子资源
  • 读者导购
  • 参考咨询
  • 我的图书馆
  • 登录
  • 详细信息显示
  • 放入我的书架
  • 预约/预借图书
  • 作者相关作品
  • 分类相关作品
  • 丛书相关作品
  • 出版社相关作品

书目信息

  • 表格格式
  • 工作单格式
  • 卡片格式
题名:
先秦学术风貌与秦汉政治
    
 
作者: 朱宝昌 著
分册:  
出版信息: 北京   商务印书馆  2018
页数: 199页
开本: 23cm
丛书名:
单 册:
中图分类: B220.5 , D092.32
科图分类:
主题词: 学术思想--思想史--研究--中国--先秦时代--文集 , 政治思想史--中国--研究--秦汉时代--文集
电子资源:
ISBN: 978-7-100-15581-6
000 00950nam0 2200253 450
001 012001002027
005 20140926114739.0
010    @a978-7-100-15581-6@dCNY48.00
100    @a20180612d2018 em y0chiy50 ea
101 0  @achi
102    @aCN@b110000
105    @aa z 000yy
106    @ar
200 1  @a先秦学术风貌与秦汉政治@9xian qin xue shu feng mao yu qin han zheng zhi@f朱宝昌著
210    @a北京@c商务印书馆@d2018
215    @a199页@c照片@d23cm
330    @a本书收录了《先秦文学、政治、人物、学术思想、社会风尚总论略》《论秦始皇的统一六国兼论道家、儒家和法家》《两汉文学、政治、学术思想、社会风尚总论略》《论西汉文景之治和先秦黄老思想》等文章。
606 0  @a学术思想@x思想史@x研究@y中国@z先秦时代@j文集
606 0  @a政治思想史@y中国@x研究@z秦汉时代@j文集
690    @aB220.5@v5
690    @aD092.32@v5
701  0 @a朱宝昌@9zhu bao chang@f(1909-1991)@4著
801  0 @aCN@b上海新华@c20180901
905    @b1152592-6@dB220.5@e833@f5
    
    先秦学术风貌与秦汉政治/朱宝昌著.-北京:商务印书馆,2018
    199页:照片;23cm
    
    
    ISBN 978-7-100-15581-6:CNY48.00
    本书收录了《先秦文学、政治、人物、学术思想、社会风尚总论略》《论秦始皇的统一六国兼论道家、儒家和法家》《两汉文学、政治、学术思想、社会风尚总论略》《论西汉文景之治和先秦黄老思想》等文章。
●
相关链接 在E读中查询图书 在五车中查询图书 在当当中查询图书 在豆瓣中查询图书


正题名:先秦学术风貌与秦汉政治     索取号:B220.5/833         预约/预借

序号 登录号 条形码 馆藏地/架位号 状态 备注
1 1152592   211525928   第一样本阅览室/ [索取号:B220.5/833] 在馆    
2 1152593   211525937   第一借阅区/ [索取号:B220.5/833] 在馆    
3 1152594   211525946   第一借阅区/ [索取号:B220.5/833] 在馆    
4 1152595   211525955   第一借阅区/ [索取号:B220.5/833] 在馆    
5 1152596   211525964   第一借阅区/ [索取号:B220.5/833] 在馆    
唐山师范学院图书馆 欢迎您!
大连网信软件有限公司© 版权所有